[Event "Vilafranca del Penedes op 5th"]
[Site "Vilafranca del Penedes"]
[Date "2011.04.15"]
[Round "2.5"]
[White "Vinas Racionero, Josep Claudi"]
[Black "Nieves Alarcon, Josep Antoni"]
[Result "1-0"]
[WhiteElo "2097"]
[BlackElo "1829"]
[PlyCount "201"]
[EventDate "2011.04.08"]
[EventType "swiss"]
[EventRounds "8"]
[EventCountry "ESP"]
[SourceTitle "EXT 2024"]
[Source "ChessBase"]
[SourceDate "2023.10.10"]
[SourceVersion "1"]
[SourceVersionDate "2023.10.10"]
[SourceQuality "1"]

1. e4 e6 2. Nf3 d5 3. e5 c5 4. b4 c4 5. a3 Ne7 6. d3 b5 7. a4 Ng6 8. axb5 Bxb4+ 9. c3 Bc5 10. dxc4 Qc7 11. Ba3 Bxa3 12. Rxa3 Bb7 13. Qd4 Nd7 14. Nbd2 0-0 15. Be2 Ndxe5 16. 0-0 Rfd8 17. c5 Nxf3+ 18. Nxf3 e5 19. Qb4 Nf4 20. Re1 f6 21. Bf1 Rdb8 22. Rea1 Ne6 23. Rxa7 Rxa7 24. Rxa7 Nxc5 25. b6 Qd6 26. Nd2 Bc8 27. Ra5 Ne4 28. Rxd5 Qxb4 29. cxb4 Be6 30. Rd3 Nxd2 31. Rxd2 Rxb6 32. Rb2 Kf7 33. f3 f5 34. Kf2 f4 35. Bd3 g5 36. Bxh7 Bc4 37. Be4 Ke6 38. Ke1 Bd5 39. Bh7 Kd6 40. h3 Ra6 41. Be4 Ra2 42. Rd2 Rxd2 43. Kxd2 Bc4 44. Bd3 Bd5 45. Kc3 Kc7 46. Bc4 Bb7 47. Kd3 Kd6 48. Bb5 Bd5 49. Be8 Bb7 50. Bf7 Ba6+ 51. Bc4 Bb7 52. Ke2 Bc8 53. Kd2 Bb7 54. Bd3 Bd5 55. Kc3 Be6 56. Bc4 Bf5 57. Bd3 Be6 58. Be4 Ba2 59. Kd3 Bb3 60. Ke2 Bc4+ 61. Kf2 Kc7 62. g3 Kb6 63. h4 fxg3+ 64. Kxg3 gxh4+ 65. Kxh4 Kc7 66. Kg5 Kd6 67. Kf6 Bb5 68. Kf5 Be2 69. Kg4 Bb5 70. Kg3 Bc4 71. Kf2 Kc7 72. Ke3 Kb6 73. Kd2 Ba2 74. Kc3 Be6 75. Kb2 Bc4 76. Ka3 Be2 77. Kb3 Bb5 78. Bd5 Be2 79. Kc3 Kb5 80. Be4 Kb6 81. Kd2 Bb5 82. Ke3 Bc4 83. Bg6 Bd5 84. Be8 Bb7 85. Kf2 Kc7 86. Kg3 Kd6 87. Bf7 Bc6 88. Kg4 Bd7+ 89. Kg3 Bb5 90. Bb3 Bd3 91. Kf2 Bb5 92. Ke3 Bc6 93. Bc2 Bb5 94. Bd3 Bc6 95. b5 Bb7 96. Be4 Bc8 97. b6 Be6 98. b7 Kc7 99. Kf2 Bd7 100. Kg3 Be6 101. Kh4 1-0

[Event "Vilafranca del Penedes op 4th"]
[Site "Vilafranca del Penedes"]
[Date "2010.05.07"]
[Round "4.7"]
[White "Nieves Alarcon, Josep Antoni"]
[Black "Avila Jimenez, Xavier"]
[Result "0-1"]
[WhiteElo "1878"]
[BlackElo "2215"]
[PlyCount "102"]
[EventDate "2010.04.16"]
[EventType "swiss"]
[EventRounds "8"]
[EventCountry "ESP"]
[SourceTitle "EXT 2024"]
[Source "ChessBase"]
[SourceDate "2023.10.10"]
[SourceVersion "1"]
[SourceVersionDate "2023.10.10"]
[SourceQuality "1"]

1. d4 d5 2. e3 Bf5 3. Bd3 Bg6 4. f4 e6 5. Nf3 c5 6. c3 Nf6 7. 0-0 Nc6 8. Ne5 Bxd3 9. Qxd3 Qb6 10. Nd2 Be7 11. h3 Rd8 12. g4 Nd7 13. Ndf3 f6 14. Nxd7 Rxd7 15. h4 Qc7 16. g5 e5 17. fxe5 fxe5 18. Qf5 exd4 19. Kg2 g6 20. Qg4 d3 21. Bd2 Rd8 22. Rae1 Qd7 23. Nh2 Rf8 24. Rxf8+ Kxf8 25. Rf1+ Kg8 26. Qxd7 Rxd7 27. Ng4 Nd8 28. Ne5 Rd6 29. Nxd3 Rb6 30. Bc1 Ne6 31. Nf4 Rd6 32. Nxe6 Rxe6 33. Rd1 Re5 34. Rf1 b5 35. b3 Re4 36. Rf4 Re6 37. Kf3 Bd6 38. Rg4 Be5 39. Bd2 Ra6 40. a4 c4 41. bxc4 bxc4 42. e4 Rxa4 43. exd5 Ra2 44. Ke3 Ra4 45. Re4 Bg3 46. Kf3 Bd6 47. Bf4 Bxf4 48. Rxf4 Ra5 49. Ke4 Ra1 50. Kd4 a5 51. Kxc4 Ra4+ 0-1